ARRUPE JESUIT UNIVERSITY

CORONAVIRUS -STOP THE SPREAD - CLEAN,DISINFECT,COVER

The ongoing journey: (Record no. 122243)

MARC details
000 -LEADER
fixed length control field 00507nam a22001457a 4500
008 - FIXED-LENGTH DATA ELEMENTS--GENERAL INFORMATION
fixed length control field 150302b xxu||||| |||| 00| 0 eng d
050 ## - LIBRARY OF CONGRESS CALL NUMBER
Classification number BS575.E47 1977
100 ## - MAIN ENTRY--PERSONAL NAME
Personal name Emswiler, Sharon Neufer
9 (RLIN) 15686
245 ## - TITLE STATEMENT
Title The ongoing journey:
Remainder of title women and the bible
Statement of responsibility, etc / by Sharon Neufer Emswiler
260 ## - PUBLICATION, DISTRIBUTION, ETC. (IMPRINT)
Place of publication, distribution, etc USA
Name of publisher, distributor, etc National council of churches of christ in the USA
Date of publication, distribution, etc 1977
300 ## - PHYSICAL DESCRIPTION
Extent 144p. ;
Dimensions 19cm.
650 ## - SUBJECT ADDED ENTRY--TOPICAL TERM
Topical term or geographic name as entry element Women in the bible
9 (RLIN) 7784
650 ## - SUBJECT ADDED ENTRY--TOPICAL TERM
Topical term or geographic name as entry element Women. Biblican teaching
9 (RLIN) 15687
942 ## - ADDED ENTRY ELEMENTS (KOHA)
Source of classification or shelving scheme Library of Congress Classification
Item type Monograph ( Printed materials)
Holdings
Withdrawn status Lost status Source of classification or shelving scheme Damaged status Not for loan Collection code Home library Current library Shelving location Date acquired Total Checkouts Full call number Barcode Date last seen Price effective from Koha item type
    Library of Congress Classification     Main Collection ARRUPE LIBRARY ARRUPE LIBRARY Main Collection 02/03/2015   BS575.E47 1977 46500002803 07/12/2016 02/03/2015 Monograph ( Printed materials)

 

Arrupe Library. PO Box MP320 Mt Pleasant, Harare, Zimbabwe
263 242 745411|librarian@aju.ac.zw